3D návrh elektronických zariadení pre elektromobilitu, dizajn mechanickej časti

Enregistré dans:
Détails bibliographiques
Auteur principal: Toporcer, Filip (Auteur)
Autres auteurs: Fuchs, Peter (Directeur de thèse)
Format: Manuscrit Livre
Langue:slovaque
Publié: 2019
Sujets:
Accès en ligne:http://is.stuba.sk/zp/portal_zp.pl?podrobnosti=135401
Tags: Ajouter un tag
Pas de tags, Soyez le premier à ajouter un tag!

MARC

LEADER 00000ntm a22000003a 4500
001 stuzp70777
003 SK-STU
005 20190729121039.6
007 ta
008 150427s2015----xo-----f-mn---000-0-slo-d
040 |a STU  |b slo 
041 0 |a slo 
044 |a xo 
100 1 |a Toporcer, Filip  |u 030400  |4 aut  |U FEI Fakulta elektrotechniky a informatiky  |T FEI Ústav automobilovej mechatroniky  |X 86411  |U E400  |Y 642  |7 86411 
242 0 1 |a 3D design of electronic devices for electromobility, design of the mechanical part  |y eng 
245 1 0 |a 3D návrh elektronických zariadení pre elektromobilitu, dizajn mechanickej časti 
260 |c 2019 
300 |a 48 s.,  |b DVD 
650 4 |a Autodesk Inventor  |2 slo 
650 4 |a elektrická kolobežka  |2 slo 
650 4 |a konštrukčný návrh  |2 slo 
650 4 |a Autodesk Inventor  |2 eng 
650 4 |a electric scooter  |2 eng 
650 4 |a construction design  |2 eng 
700 1 |a Fuchs, Peter  |u 030400  |k Z2  |4 ths  |U FEI Fakulta elektrotechniky a informatiky  |T FEI Ústav automobilovej mechatroniky  |X 1898  |U E400  |Y 642  |7 A000001898 
856 4 |u http://is.stuba.sk/zp/portal_zp.pl?podrobnosti=135401 
996 |b 284ER02967  |c E*Bc- 2967  |l EE30  |s P  |a 0  |w stuzp70777_0001